000 00668nam a2200241Ia 4500
003 OSt
005 20220927105536.0
006 a|||||r|||| 00| 0
007 ta
008 220926b |||||||| |||| 00| 0 eng d
024 _a172783
037 _cReference Collections
040 _aRTL
_cRTL
_beng
041 _2eng
_aeng
082 _a"V2,31p. N92, N2.164-31"
110 _aRajya asbha.
_9373116
245 0 _aOfficial report.
260 _aNew
_bDelhi Rajya sabha secretariat.
_c1992
300 _a729p.
_ccm.
700 _aRajya asbha.
_9373117
942 _h"V2,31p. N92, N2.164-31"
_cCC
999 _c692962
_d692962